003450000a22001090004500090001700000245010500017041001400122100003000136942001300166773003900179999001700218 aASbSeriadas10aHormigas de Colombia VI. dos nuevas especies de Octostruma ()0 aEspañol1 aPalacio, Edgard E.992992 cARTICULO1 tCaldasia345h3q409-418d1997g19 c14772d14772